| 000 | 00732nam a22001937a 4500 | ||
|---|---|---|---|
| 999 |
_c164181 _d164181 |
||
| 005 | 20190513155820.0 | ||
| 010 | _aUR-10105 | ||
| 020 |
_c250.00 _a9789388105668 |
||
| 035 | _aU-8660 | ||
| 037 | _bDBAD/PUB | ||
| 082 | _a840.08 | ||
| 100 | _aا ختر جا و يد | ||
| 245 |
_aپر يم چند کے فکر و فن پر گا ند ھيا ئ ا ثر ا ت _cا ختر جا و يد |
||
| 246 |
_bPrem Chand ke FIKr -o-Fan Par Gandhiayi Asrat(Urdu) _aby Akhtar Javed |
||
| 260 |
_a Delhi _bEducational Publishing House _c2018 ء |
||
| 270 |
_a3191،Vakil Street,Kucha Pandit,Lal Kuan, _bDelhi _e110006 _k23216162 _l00911123211540 |
||
| 300 |
_a200ص _c22 Cm.(bk) |
||
| 942 |
_2ddc _cUR _h840.08 _mا خ ت |
||